| 000 | 00700nam a2200205 a 4500 | ||
|---|---|---|---|
| 001 | 000022630 | ||
| 005 | 20200930021715.0 | ||
| 008 | 101014s2000 sp 000 0 spa d | ||
| 020 | _z84080405537 | ||
| 040 |
_aDO-SdBNP _bspa _cBNPHU |
||
| 082 |
_axxx _bR864i |
||
| 100 | 1 |
_aRousseau, Denis _946571 |
|
| 245 | 1 | 3 |
_aLa isla del Doctor Castro : _bla transición secuestrada / _cDenis Rousseau, Corinne Cumerlato; traducción de Catalina Ginard. |
| 260 |
_aBarcelona : _bPlaneta, _c2000. |
||
| 300 |
_a317 p. ; _c23 cm. |
||
| 500 | _aIncluye datos biográficos del autor en la solapa de la cubierta | ||
| 500 | _aIncluye índice onomástico | ||
| 504 | _aBibliografías [p. 309-310] | ||
| 049 | _aBNPD | ||
| 999 |
_c22127 _d22127 |
||